[Event "Bayern-chTT (RL Sued-West)"]
[Site "Bayern 2008/09"]
[Date "2008.10.05"]
[Round "1.1"]
[White "Schreiner, Richard"]
[Black "Hoefelsauer, Thomas"]
[Result "0-1"]
[WhiteElo "2096"]
[BlackElo "2065"]
[PlyCount "100"]
[EventDate "2009.03.??"]
[EventType "team-tourn"]
[EventRounds "9"]
[WhiteTeam "Garching 2"]
[BlackTeam "München-SuedOst 1"]

1. d4 d5 2. g3 Nf6 3. Bg2 e6 4. c4 c6 5. Qc2 Nbd7 6. Nf3 Bd6 7. O-O O-O 8. Bf4
Qc7 9. cxd5 Bxf4 10. dxe6 fxe6 11. gxf4 Qxf4 12. Qd2 Qd6 13. Nc3 Ng4 14. Qg5
Rxf3 15. Qxg4 Rf4 16. Ne4 Rxg4 17. Nxd6 Rxd4 18. Rfd1 Rxd1+ 19. Rxd1 Nf8 20.
Bh3 Rb8 21. Rd3 b6 22. b4 Ba6 23. Re3 Rd8 24. Bxe6+ Nxe6 25. Rxe6 Bxe2 26. Rxe2
Rxd6 27. Re7 Rd4 28. a3 a5 29. Rc7 axb4 30. axb4 Rc4 31. Kg2 h6 32. Kf3 Kh7 33.
Ke3 Kg6 34. Kd3 Rxb4 35. Rxc6+ Kg5 36. Ke3 Kf5 37. Kf3 Rb3+ 38. Kg2 b5 39. h4
b4 40. h5 Rc3 41. Rb6 b3 42. Rb7 Ke4 43. Rxg7 Kd3 44. Kf3 b2 45. Rb7 b1=Q 46.
Rxb1 Kc2+ 47. Ke4 Kxb1 48. f4 Rh3 49. f5 Rxh5 50. f6 Rh1 0-1

[Event "Bayern-chTT (RL Sued-West)"]
[Site "Bayern 2008/09"]
[Date "2008.10.05"]
[Round "1.2"]
[White "Bucan, Djordje"]
[Black "Englert, Jan"]
[Result "1/2-1/2"]
[WhiteElo "2089"]
[BlackElo "2074"]
[PlyCount "105"]
[EventDate "2009.03.??"]
[EventType "team-tourn"]
[EventRounds "9"]
[WhiteTeam "München-SuedOst 1"]
[BlackTeam "Garching 2"]

1. d4 d6 2. Nf3 Bg4 3. e3 Nd7 4. Be2 Ngf6 5. O-O e6 6. c4 c6 7. b3 d5 8. Bb2
Be7 9. Nbd2 O-O 10. Ne5 Bxe2 11. Qxe2 Rc8 12. Rfd1 Bb4 13. a3 Bxd2 14. Nxd7
Qxd7 15. Rxd2 Rc7 16. f3 b5 17. e4 bxc4 18. bxc4 Rb8 19. Bc3 Rcb7 20. Bb4 Qd8
21. e5 Nd7 22. cxd5 cxd5 23. Rc1 a5 24. Bd6 Rb1 25. Qd1 Rxc1 26. Qxc1 Rc8 27.
Rc2 Rxc2 28. Qxc2 Nb6 29. Qc6 Nc4 30. f4 h5 31. g3 Kh7 32. Kf2 Kg6 33. h3 Qb6
34. Qxb6 Nxb6 35. g4 hxg4 36. hxg4 Nc4 37. Bc5 f5 38. exf6 Kxf6 39. a4 g6 40.
Kg3 Nb2 41. Bb6 Nxa4 42. Bxa5 Nb2 43. Bd8+ Kf7 44. Kh4 Nc4 45. Kg5 Nd2 46. Kh6
Nf3 47. Bb6 Nh2 48. Kg5 Nf3+ 49. Kh6 Ng1 50. Bc7 Nf3 51. Bb6 Ng1 52. Bc7 Nf3
53. Bb6 1/2-1/2

[Event "Bayern-chTT (RL Sued-West)"]
[Site "Bayern 2008/09"]
[Date "2008.10.05"]
[Round "1.3"]
[White "Wittke, Volker"]
[Black "Bergauz, Avigdor"]
[Result "1-0"]
[WhiteElo "2084"]
[BlackElo "2037"]
[PlyCount "101"]
[EventDate "2009.03.??"]
[EventType "team-tourn"]
[EventRounds "9"]
[WhiteTeam "Garching 2"]
[BlackTeam "München-SuedOst 1"]

1. e4 c6 2. d4 d5 3. e5 Bf5 4. Nc3 e6 5. g4 Bg6 6. Be3 h5 7. Bd3 Bxd3 8. Qxd3
hxg4 9. O-O-O c5 10. dxc5 Nc6 11. Qe2 Qa5 12. Kb1 O-O-O 13. Nb5 Nxe5 14. Bd2
Qa6 15. Nxa7+ Qxa7 16. Qxe5 Qxc5 17. Bf4 Qd6 18. Qc3+ Qc5 19. Qe5 Qd6 20. Qc3+
Qc6 21. Qa5 b6 22. Qa6+ Qb7 23. Qb5 Bd6 24. Ne2 Bxf4 25. Nxf4 Nf6 26. Nd3 Ne4
27. Rhg1 f5 28. Nf4 Rd6 29. Ng6 Rxh2 30. Qe8+ Kc7 31. f3 gxf3 32. Nf4 Rg2 33.
Nxg2 fxg2 34. Rxg2 g5 35. Rh2 Qc6 36. Qf8 Rd8 37. Rh7+ Rd7 38. Rh8 Qb7 39. Qe8
Kd6 40. Qg6 g4 41. Rh6 Kc7 42. Qxe6 Rd6 43. Rh7+ Kc6 44. Qe8+ Rd7 45. Rxd5 Nd6
46. Qe6 Qc7 47. Rh6 f4 48. Rd4 Kb7 49. Qxg4 Nf5 50. Qf3+ Ka7 51. Ra4+ 1-0

[Event "Bayern-chTT (RL Sued-West)"]
[Site "Bayern 2008/09"]
[Date "2008.10.05"]
[Round "1.4"]
[White "Hittinger, Christian"]
[Black "Mueller, Marcus(63)"]
[Result "1/2-1/2"]
[WhiteElo "2076"]
[BlackElo "2093"]
[PlyCount "39"]
[EventDate "2009.03.??"]
[EventType "team-tourn"]
[EventRounds "9"]
[WhiteTeam "München-SuedOst 1"]
[BlackTeam "Garching 2"]

1. e4 c5 2. Nf3 Nc6 3. d4 cxd4 4. Nxd4 Nf6 5. Nc3 d6 6. Be2 e6 7. Be3 Be7 8.
Qd2 O-O 9. O-O-O a6 10. Kb1 Nxd4 11. Bxd4 b5 12. Qe3 Bb7 13. e5 Nd5 14. Nxd5
Bxd5 15. exd6 Qxd6 16. Bf3 Bxf3 17. Qxf3 Qc7 18. Rhe1 Rac8 19. c3 Rfd8 20. Be5
1/2-1/2

[Event "Bayern-chTT (RL Sued-West)"]
[Site "Bayern 2008/09"]
[Date "2008.10.05"]
[Round "1.5"]
[White "Lutz, Gerhard(65)"]
[Black "Melzner, Lukas"]
[Result "0-1"]
[WhiteElo "2084"]
[BlackElo "1986"]
[PlyCount "142"]
[EventDate "2009.03.??"]
[EventType "team-tourn"]
[EventRounds "9"]
[WhiteTeam "Garching 2"]
[BlackTeam "München-SuedOst 1"]

1. e4 e6 2. Nf3 d5 3. e5 c5 4. b4 cxb4 5. a3 bxa3 6. d4 Nc6 7. c3 Bd7 8. Bd3
Qb6 9. O-O Na5 10. Bxa3 Bxa3 11. Nxa3 a6 12. Ng5 Qd8 13. Qg4 h5 14. Qf4 Nh6 15.
Rfe1 Qe7 16. Re3 Nb3 17. Ra2 Nc1 18. Ra1 Nxd3 19. Rxd3 b5 20. Nc2 f6 21. Nf3 f5
22. Ng5 h4 23. Qc1 Nf7 24. Nxf7 Kxf7 25. Ra5 Rhc8 26. Qa1 Rc4 27. Nb4 Bc8 28.
h3 Rb8 29. Nxa6 Bxa6 30. Rxa6 b4 31. cxb4 Rcxb4 32. Rd1 R8b7 33. Qc1 g5 34. Ra8
Rb8 35. Ra6 Qb7 36. Rc6 Rb1 37. Rc7+ Kg6 38. Rxb7 Rxc1 39. Rxc1 Rxb7 40. Rc6
Kf7 41. Rc1 Rb4 42. Rd1 g4 43. g3 hxg3 44. hxg4 gxf2+ 45. Kxf2 Kg6 46. Ke3 fxg4
47. Kf4 g3 48. Kxg3 Kf5 49. Rf1+ Ke4 50. Rf6 Rb6 51. Rf4+ Ke3 52. Rg4 Rb8 53.
Rg6 Re8 54. Rg4 Rb8 55. Rg6 Re8 56. Rg4 Re7 57. Kg2 Rf7 58. Rg6 Kxd4 59. Rxe6
Rf5 60. Ra6 Kxe5 61. Ra1 Ke4 62. Re1+ Kd3 63. Rd1+ Ke2 64. Ra1 Rg5+ 65. Kh3 d4
66. Kh4 Rg8 67. Ra7 d3 68. Re7+ Kd1 69. Rd7 d2 70. Rd6 Rc8 71. Kg3 Kc2 0-1

[Event "Bayern-chTT (RL Sued-West)"]
[Site "Bayern 2008/09"]
[Date "2008.10.05"]
[Round "1.6"]
[White "Ehmer, Fabian"]
[Black "Weinberger, Wolfgang"]
[Result "0-1"]
[WhiteElo "1974"]
[BlackElo "2039"]
[PlyCount "62"]
[EventDate "2009.03.??"]
[EventType "team-tourn"]
[EventRounds "9"]
[WhiteTeam "München-SuedOst 1"]
[BlackTeam "Garching 2"]

1. g3 Nf6 2. Bg2 e6 3. c4 Nc6 4. Nc3 Bb4 5. d3 O-O 6. e4 d5 7. cxd5 exd5 8. Bd2
Ne5 9. Bf4 Ng6 10. Bd2 dxe4 11. dxe4 Ne5 12. Bg5 Qe7 13. Qc2 Rd8 14. Nge2 Nd3+
15. Kf1 Nxf2 16. Nd5 Rxd5 17. exd5 Nxh1 18. Bxh1 Bh3+ 19. Bg2 Bxg2+ 20. Kxg2
Nxd5 21. Bxe7 Ne3+ 22. Kf3 Nxc2 23. Rc1 Bxe7 24. Rxc2 c6 25. Nd4 Rd8 26. Re2
Kf8 27. Nf5 Bc5 28. Re5 Rd5 29. Rxd5 cxd5 30. Kf4 f6 31. g4 g6 0-1

[Event "Bayern-chTT (RL Sued-West)"]
[Site "Bayern 2008/09"]
[Date "2008.10.05"]
[Round "1.7"]
[White "Schmidt, Hans(62)"]
[Black "Hoennekes, Klaus"]
[Result "1-0"]
[WhiteElo "2010"]
[BlackElo "2016"]
[PlyCount "85"]
[EventDate "2009.03.??"]
[EventType "team-tourn"]
[EventRounds "9"]
[WhiteTeam "Garching 2"]
[BlackTeam "München-SuedOst 1"]

1. d4 Nf6 2. c4 e6 3. Nf3 b6 4. Bg5 h6 5. Bh4 Ba6 6. e3 g5 7. Bg3 Bb7 8. Nc3
Bb4 9. Qc2 Be4 10. Bd3 Bxd3 11. Qxd3 Bxc3+ 12. bxc3 d6 13. e4 Nh5 14. Qe3 Nd7
15. a4 a5 16. Rb1 Qe7 17. h4 Nxg3 18. fxg3 g4 19. Nd2 e5 20. O-O f6 21. Nb3 Qe6
22. Qe2 Ke7 23. Rf5 Rag8 24. c5 d5 25. Rff1 Rf8 26. exd5 Qxd5 27. c4 Qe6 28. d5
Qg8 29. d6+ cxd6 30. cxd6+ Kxd6 31. c5+ Ke7 32. c6 Nb8 33. Nd4 Qd5 34. Nf5+ Kf7
35. Rfd1 Qxc6 36. Qxg4 Rh7 37. Rbc1 h5 38. Qe2 Qxa4 39. Rc7+ Kg6 40. Rxh7 Kxf5
41. Qd3+ Ke6 42. Qd5+ Kf5 43. Rf1+ 1-0

[Event "Bayern-chTT (RL Sued-West)"]
[Site "Bayern 2008/09"]
[Date "2008.10.05"]
[Round "1.8"]
[White "Benedde, Guenter"]
[Black "Dehlinger, Alexander"]
[Result "1-0"]
[WhiteElo "1962"]
[BlackElo "2002"]
[PlyCount "113"]
[EventDate "2009.03.??"]
[EventType "team-tourn"]
[EventRounds "9"]
[WhiteTeam "München-SuedOst 1"]
[BlackTeam "Garching 2"]

1. d4 Nf6 2. Nf3 e6 3. c4 b6 4. a3 Bb7 5. e3 Be7 6. Nc3 d5 7. Bd3 dxc4 8. Bxc4
O-O 9. Qe2 Nbd7 10. O-O c5 11. Rd1 Qc7 12. d5 exd5 13. Nxd5 Nxd5 14. Bxd5 Bxd5
15. Rxd5 Nf6 16. Rd1 Ne4 17. Bd2 Bf6 18. Be1 Rfd8 19. Qc2 Qe7 20. Rab1 Rac8 21.
b4 Rxd1 22. Rxd1 h6 23. h3 Qb7 24. bxc5 Nxc5 25. Qf5 Ne6 26. Bb4 a5 27. Bd6 Be7
28. Ne5 Bxd6 29. Rxd6 Rd8 30. Nxf7 Qxf7 31. Qxe6 Rxd6 32. Qxd6 Qb3 33. Kh2 Kf7
34. e4 Qe6 35. Qd4 b5 36. Qa7+ Kg6 37. Qxa5 Qxe4 38. Qxb5 Qf4+ 39. Kg1 Qc1+ 40.
Qf1 Qxa3 41. Qb1+ Kf6 42. Qb6+ Kf7 43. Qc7+ Kg8 44. g3 Qd3 45. Qf4 Qd5 46. h4
Qd3 47. Kg2 Qd5+ 48. Qf3 Qd4 49. g4 Qe5 50. Qe3 Qd5+ 51. f3 Qa2+ 52. Kg3 Qb2
53. g5 hxg5 54. hxg5 Qb8+ 55. f4 g6 56. Qe6+ Kh8 57. Qe5+ 1-0

[Event "Bayern-chTT (RL Sued-West)"]
[Site "Bayern 2008/09"]
[Date "2008.10.05"]
[Round "1.1"]
[White "Trassl, Franz"]
[Black "Wolfsteiner, Helmut"]
[Result "1/2-1/2"]
[WhiteElo "2111"]
[BlackElo "2255"]
[PlyCount "56"]
[EventDate "2009.03.??"]
[EventType "team-tourn"]
[EventRounds "9"]
[WhiteTeam "Krumbach 2"]
[BlackTeam "Kriegshaber 1"]

1. Nf3 Nf6 2. c4 e6 3. Nc3 d5 4. d4 c6 5. cxd5 exd5 6. Bg5 Bf5 7. e3 Be7 8. Bd3
Bxd3 9. Qxd3 O-O 10. O-O Nbd7 11. Rab1 Ne4 12. Bxe7 Qxe7 13. b4 a6 14. Rfc1
Rae8 15. Na4 Ndf6 16. Ne5 Nd6 17. Nc5 Rd8 18. a4 Nfe4 19. Nxe4 Nxe4 20. b5 axb5
21. axb5 c5 22. f3 cxd4 23. fxe4 Qxe5 24. Qxd4 Qg5 25. Rc5 Qg6 26. Rxd5 Rde8
27. Re5 Ra8 28. Rd1 h6 1/2-1/2

[Event "Bayern-chTT (RL Sued-West)"]
[Site "Bayern 2008/09"]
[Date "2008.10.05"]
[Round "1.2"]
[White "Bintakies, Michael"]
[Black "Jussupow, Nadia"]
[Result "1/2-1/2"]
[WhiteElo "2152"]
[BlackElo "2123"]
[PlyCount "96"]
[EventDate "2009.03.??"]
[EventType "team-tourn"]
[EventRounds "9"]
[WhiteTeam "Kriegshaber 1"]
[BlackTeam "Krumbach 2"]

1. f4 d5 2. Nf3 g6 3. g3 Bg7 4. Bg2 c5 5. O-O Nh6 6. d3 d4 7. c3 O-O 8. e4 dxe3
9. Bxe3 Qc7 10. d4 Nf5 11. Qe2 Nxe3 12. Qxe3 Qb6 13. Qf2 cxd4 14. Nxd4 Rd8 15.
Nf3 Nc6 16. Na3 Be6 17. Ng5 Qxf2+ 18. Rxf2 Bd5 19. Nc2 Bxg2 20. Kxg2 Rd3 21.
Nf3 Rad8 22. Re1 e6 23. Rfe2 b5 24. a3 a5 25. Re4 Rd1 26. Rxd1 Rxd1 27. Re1 Rd5
28. Re2 Kf8 29. Rd2 Rxd2+ 30. Nxd2 Ke7 31. Kf3 f5 32. Ke2 Kd6 33. Nf3 e5 34.
fxe5+ Bxe5 35. Nxe5 Kxe5 36. b4 axb4 37. axb4 Kd5 38. Na3 Ne5 39. Nxb5 Kc4 40.
Nc7 Kxc3 41. b5 Nd7 42. Kf3 Kc4 43. Kf4 Kc5 44. Kg5 Kb6 45. Ne6 Kxb5 46. h4 Kc6
47. h5 Kd6 48. Nf4 gxh5 1/2-1/2

[Event "Bayern-chTT (RL Sued-West)"]
[Site "Bayern 2008/09"]
[Date "2008.10.05"]
[Round "1.3"]
[White "Cherednichenko, Elena"]
[Black "Stoer, Andreas"]
[Result "0-1"]
[WhiteElo "2120"]
[BlackElo "2122"]
[PlyCount "94"]
[EventDate "2009.03.??"]
[EventType "team-tourn"]
[EventRounds "9"]
[WhiteTeam "Krumbach 2"]
[BlackTeam "Kriegshaber 1"]

1. d4 d5 2. Nf3 Nf6 3. e3 c6 4. c4 a6 5. Nc3 b5 6. cxd5 cxd5 7. Bd3 Bg4 8. h3
Bxf3 9. Qxf3 e6 10. O-O b4 11. Na4 Be7 12. Bd2 Nbd7 13. Qe2 a5 14. Bb5 O-O 15.
Rac1 Ra7 16. f3 Qb8 17. Be1 Bd6 18. g4 Rc8 19. Bh4 Rac7 20. Rxc7 Qxc7 21. Bxf6
Nxf6 22. Ba6 Ra8 23. Bd3 e5 24. dxe5 Bxe5 25. Qd2 d4 26. f4 dxe3 27. Qxe3 Bd6
28. g5 Re8 29. Qf3 Nd7 30. Bb5 Rb8 31. Bd3 g6 32. b3 Re8 33. Bc4 Nb6 34. Nxb6
Qxb6+ 35. Kh1 Re3 36. Qd5 Qc7 37. Kg2 Qd7 38. Qa8+ Kg7 39. Rf3 Bxf4 40. Qa6
Qd2+ 41. Rf2 Rg3+ 42. Kh1 Rxh3+ 43. Kg1 Rg3+ 44. Kh1 Qd1+ 45. Bf1 Qh5+ 46. Rh2
Rg1+ 47. Kxg1 Qxh2# 0-1

[Event "Bayern-chTT (RL Sued-West)"]
[Site "Bayern 2008/09"]
[Date "2008.10.05"]
[Round "1.4"]
[White "Jermann, Frank Dr"]
[Black "Jussupow, Alexander"]
[Result "1-0"]
[WhiteElo "2088"]
[BlackElo "2048"]
[PlyCount "37"]
[EventDate "2009.03.??"]
[EventType "team-tourn"]
[EventRounds "9"]
[WhiteTeam "Kriegshaber 1"]
[BlackTeam "Krumbach 2"]

1. d4 d5 2. Bf4 Nf6 3. e3 e6 4. Nd2 b6 5. Ngf3 Bb7 6. Bd3 Be7 7. Ne5 O-O 8. Qf3
c5 9. c3 Nbd7 10. Qh3 Re8 11. Ndf3 Nxe5 12. Nxe5 g6 13. g4 Nd7 14. Nxf7 Qc8 15.
Bxg6 hxg6 16. Qh8+ Kxf7 17. Qh7+ Kf6 18. g5+ Kf5 19. Qh3+ 1-0

[Event "Bayern-chTT (RL Sued-West)"]
[Site "Bayern 2008/09"]
[Date "2008.10.05"]
[Round "1.5"]
[White "Lutz, Albert(45)"]
[Black "Stelter, Felix"]
[Result "0-1"]
[WhiteElo "2045"]
[BlackElo "2132"]
[PlyCount "119"]
[EventDate "2009.03.??"]
[EventType "team-tourn"]
[EventRounds "9"]
[WhiteTeam "Krumbach 2"]
[BlackTeam "Kriegshaber 1"]

1. Nf3 d5 2. c4 e6 3. d4 Nf6 4. Nc3 Be7 5. g3 O-O 6. Bg2 c6 7. O-O dxc4 8. Ne5
Nbd7 9. Nxc4 Nb6 10. b3 Nbd5 11. Bb2 b5 12. Ne5 Qb6 13. Rc1 Bb7 14. Ne4 Nxe4
15. Bxe4 Rad8 16. Bb1 Bf6 17. e4 Ne7 18. Rc5 Ng6 19. Nxg6 hxg6 20. e5 Be7 21.
Qc2 Bxc5 22. dxc5 Qa5 23. Bc3 b4 24. Bb2 Ba6 25. Re1 Bd3 26. Qc1 Bxb1 27. Qxb1
Qxc5 28. Bc1 Rd5 29. Be3 Qb5 30. Bf4 Rfd8 31. h4 Qd3 32. Kg2 Qxb1 33. Rxb1 c5
34. Rc1 a5 35. Kf3 Rc8 36. Ke4 f5+ 37. exf6 gxf6 38. Be3 Kf7 39. g4 Ke7 40. f4
Kd6 41. Rh1 Rh8 42. Kf3 Kc6 43. Ke4 Kb5 44. Bc1 c4 45. bxc4+ Kxc4 46. Bb2 f5+
47. gxf5 exf5+ 48. Ke3 Re8+ 49. Be5 Rd3+ 50. Ke2 Ra3 51. Rc1+ Rc3 52. Rg1 Rc2+
53. Kd1 Rxa2 54. Rxg6 Rd8+ 55. Kc1 b3 56. Bb2 a4 57. Rc6+ Kb5 58. Rf6 a3 59.
Rxf5+ Kc4 60. Bg7 0-1

[Event "Bayern-chTT (RL Sued-West)"]
[Site "Bayern 2008/09"]
[Date "2008.10.05"]
[Round "1.6"]
[White "Demel, Paul"]
[Black "Link, Ulrich Dr"]
[Result "0-1"]
[WhiteElo "2053"]
[BlackElo "2112"]
[PlyCount "134"]
[EventDate "2009.03.??"]
[EventType "team-tourn"]
[EventRounds "9"]
[WhiteTeam "Kriegshaber 1"]
[BlackTeam "Krumbach 2"]

1. Nf3 Nf6 2. c4 c6 3. Nc3 d5 4. d4 e6 5. Bg5 Nbd7 6. e3 Be7 7. Rc1 O-O 8. Bd3
dxc4 9. Bxc4 Nd5 10. Bxe7 Qxe7 11. O-O Nxc3 12. Rxc3 e5 13. Bb3 exd4 14. exd4
Nf6 15. Re3 Qd6 16. Qd3 Ng4 17. Re2 Be6 18. Bxe6 fxe6 19. g3 Qd5 20. Qe4 Qxe4
21. Rxe4 Rxf3 22. Rxg4 Rd8 23. Re1 Kf7 24. Rge4 Rd6 25. R1e3 Rf5 26. Rb3 Rd7
27. Re5 Kf6 28. f4 Rxd4 29. Rxf5+ exf5 30. Rxb7 Rd1+ 31. Kg2 Rd2+ 32. Kg1 Rd1+
33. Kg2 Rd2+ 34. Kg1 a5 35. Rb6 Rc2 36. a3 a4 37. Ra6 Ke6 38. Rxa4 Rxb2 39. Ra7
Kd5 40. Rxg7 Ke4 41. Re7+ Kf3 42. Re1 Rg2+ 43. Kh1 Ra2 44. Rf1+ Kg4 45. Rc1 Kh3
46. Kg1 Rg2+ 47. Kf1 Rxh2 48. Rc3 Kg4 49. Kg1 Ra2 50. Kf1 h5 51. Kg1 c5 52. Kf1
c4 53. Kg1 Rb2 54. Rxc4 Kxg3 55. Rc3+ Kxf4 56. Rc4+ Kg3 57. Rc3+ Kg4 58. Rc4+
f4 59. Rc3 Ra2 60. Rb3 h4 61. Rc3 h3 62. Rb3 f3 63. Rb8 h2+ 64. Kh1 Kg3 65.
Rg8+ Kf2 66. Kxh2 Ke1+ 67. Kg3 Rg2+ 0-1

[Event "Bayern-chTT (RL Sued-West)"]
[Site "Bayern 2008/09"]
[Date "2008.10.05"]
[Round "1.7"]
[White "Gayer, Michael"]
[Black "Schechter, Dimitri"]
[Result "0-1"]
[WhiteElo "1996"]
[BlackElo "2082"]
[PlyCount "68"]
[EventDate "2009.03.??"]
[EventType "team-tourn"]
[EventRounds "9"]
[WhiteTeam "Krumbach 2"]
[BlackTeam "Kriegshaber 1"]

1. d4 d5 2. c4 e6 3. cxd5 exd5 4. Nc3 c6 5. Nf3 Nf6 6. Bg5 Be7 7. e3 Nbd7 8.
Be2 O-O 9. O-O Re8 10. Nd2 Nf8 11. Qc2 Ng6 12. Rfc1 Bd6 13. Nf1 h6 14. Bxf6
Qxf6 15. Rab1 a5 16. Bd3 h5 17. Na4 Bc7 18. a3 Nh4 19. Ng3 Bg4 20. b4 axb4 21.
axb4 Nxg2 22. Kxg2 Bf3+ 23. Kf1 h4 24. Ne2 Bxh2 25. b5 h3 26. bxc6 bxc6 27. Nb6
Bd6 28. Ke1 h2 29. Kd2 Ra3 30. Nd7 Qh6 31. Rh1 Bxh1 32. Rxh1 Bb4+ 33. Kd1 Ra1+
34. Nc1 Ba3 0-1

[Event "Bayern-chTT (RL Sued-West)"]
[Site "Bayern 2008/09"]
[Date "2008.10.05"]
[Round "1.8"]
[White "Kaiser, Viktor"]
[Black "Maurer, Rainer(63)"]
[Result "1-0"]
[WhiteElo "1943"]
[BlackElo "1933"]
[PlyCount "123"]
[EventDate "2009.03.??"]
[EventType "team-tourn"]
[EventRounds "9"]
[WhiteTeam "Kriegshaber 1"]
[BlackTeam "Krumbach 2"]

1. e4 c5 2. d4 cxd4 3. c3 g6 4. cxd4 d5 5. e5 Bg7 6. Nc3 Nc6 7. Be3 Nh6 8. Qd2
Nf5 9. Nf3 Nxe3 10. fxe3 O-O 11. Bd3 Nb4 12. Bb1 Nc6 13. e4 dxe4 14. Bxe4 Qb6
15. Nd5 Qd8 16. O-O Be6 17. Nc3 Qb6 18. Na4 Qa6 19. Nc5 Qb6 20. Nxe6 fxe6 21.
Bxc6 bxc6 22. Rac1 Rad8 23. Qc3 Bh6 24. Rc2 Rd5 25. Re1 Rc8 26. b4 a5 27. a3
axb4 28. axb4 Rb5 29. Qc4 Rd5 30. Ra2 Qb5 31. Rc2 Qb6 32. Kf2 Rf8 33. Kg3 Bf4+
34. Kh3 Bh6 35. Qxc6 Rxf3+ 36. gxf3 Qxc6 37. Rxc6 Rxd4 38. Rb1 Bf4 39. Rc2 Bxe5
40. b5 Rd3 41. Kg2 Rd7 42. Re1 Bd6 43. Rxe6 Kf7 44. Re4 Rb7 45. Rb2 Kf6 46. f4
Kf5 47. Kf3 Rb6 48. Rc4 Rb7 49. b6 h6 50. Rb5+ Kf6 51. h4 h5 52. Ke4 Ke6 53.
Rc2 Kd7 54. Rg2 Kc6 55. Rb3 e5 56. fxe5 Re7 57. Rg5 Bc5 58. b7 Rxb7 59. Rxb7
Kxb7 60. Rxg6 Bf2 61. e6 Bxh4 62. e7 1-0

[Event "Bayern-chTT (RL Sued-West)"]
[Site "Bayern 2008/09"]
[Date "2008.10.05"]
[Round "1.1"]
[White "Hoy, Bernd"]
[Black "Juptner, Jan"]
[Result "0-1"]
[WhiteElo "2239"]
[BlackElo "2230"]
[PlyCount "94"]
[EventDate "2009.03.??"]
[EventType "team-tourn"]
[EventRounds "9"]
[WhiteTeam "Klosterlechfeld 1"]
[BlackTeam "München-Tarrasch 2"]

1. e4 c5 2. Nf3 d6 3. Bb5+ Nc6 4. O-O Bd7 5. c3 a6 6. Ba4 Nf6 7. Re1 b5 8. Bc2
Bg4 9. d3 e6 10. Nbd2 Be7 11. Nf1 Ne5 12. d4 cxd4 13. cxd4 Nc6 14. Ne3 Bxf3 15.
gxf3 d5 16. e5 Nh5 17. Ng2 g6 18. a4 Rb8 19. axb5 axb5 20. Be3 O-O 21. Rc1 Qb6
22. Kh1 Na5 23. b3 Ba3 24. Rb1 Bb4 25. Rg1 Nc6 26. Nh4 Be7 27. f4 Ng7 28. Qg4
Bxh4 29. Qxh4 Nb4 30. Bd1 Nf5 31. Qf6 Qd8 32. Qxd8 Rfxd8 33. Rc1 Rdc8 34. Bg4
Na2 35. Rc5 Rxc5 36. dxc5 d4 37. Bd2 b4 38. Ra1 Nc3 39. Bf3 Rb5 40. Ra8+ Kg7
41. Rc8 Nh4 42. f5 gxf5 43. Bh5 Ne4 44. Rc7 Nxd2 45. Bxf7 Ra5 46. Bxe6+ Kh6 47.
h3 Ndf3 0-1

[Event "Bayern-chTT (RL Sued-West)"]
[Site "Bayern 2008/09"]
[Date "2008.10.05"]
[Round "1.2"]
[White "Wood, Christopher"]
[Black "Hornung, Hans Dr"]
[Result "1-0"]
[WhiteElo "2202"]
[BlackElo "2057"]
[PlyCount "101"]
[EventDate "2009.03.??"]
[EventType "team-tourn"]
[EventRounds "9"]
[WhiteTeam "München-Tarrasch 2"]
[BlackTeam "Klosterlechfeld 1"]

1. e4 e6 2. d4 d5 3. Nc3 Bb4 4. e5 c5 5. a3 Bxc3+ 6. bxc3 Qc7 7. Nf3 Ne7 8. Bd3
b6 9. O-O Ba6 10. Bxa6 Nxa6 11. Qd3 c4 12. Qd1 h6 13. a4 O-O 14. Ba3 f5 15.
exf6 Rxf6 16. Ne5 Ng6 17. Ng4 Rf7 18. Re1 Qc6 19. h4 Qe8 20. g3 Rd8 21. h5 Nh8
22. Ne5 Rf6 23. Kg2 Nf7 24. Ng6 Ng5 25. Be7 Ne4 26. Bxf6 Nxf6 27. Qe2 Nc7 28.
Qe5 Qf7 29. f3 Nh7 30. Qf4 Qxf4 31. Nxf4 Ng5 32. Ng6 Ne8 33. g4 Nd6 34. Re3 Kf7
35. Ne5+ Kf6 36. Kg3 Rc8 37. Kh4 Rc7 38. Ng6 Kf7 39. Rae1 Rc8 40. Kg3 Re8 41.
Nf4 Rc8 42. Kg2 Re8 43. R3e2 a6 44. Re3 b5 45. a5 Rb8 46. Nxe6 Nxe6 47. Rxe6
Ne4 48. Rxa6 Nxc3 49. Ra7+ Kf6 50. Re5 b4 51. Rae7 1-0

[Event "Bayern-chTT (RL Sued-West)"]
[Site "Bayern 2008/09"]
[Date "2008.10.05"]
[Round "1.3"]
[White "Heinrich, Lorenz"]
[Black "Eichler, Christoph(77)"]
[Result "0-1"]
[WhiteElo "2042"]
[BlackElo "2306"]
[PlyCount "40"]
[EventDate "2009.03.??"]
[EventType "team-tourn"]
[EventRounds "9"]
[WhiteTeam "Klosterlechfeld 1"]
[BlackTeam "München-Tarrasch 2"]

1. d4 Nf6 2. Nf3 e6 3. g3 b5 4. Bg2 Bb7 5. O-O Be7 6. a4 b4 7. c4 O-O 8. Nbd2
c5 9. dxc5 Na6 10. Nb3 Nxc5 11. Nxc5 Bxc5 12. Ne5 Bxg2 13. Kxg2 Qc7 14. Nd3 Be7
15. b3 d5 16. cxd5 Nxd5 17. Bb2 Nc3 18. Qc2 Rfc8 19. Rac1 Qb7+ 20. f3 Na2 0-1

[Event "Bayern-chTT (RL Sued-West)"]
[Site "Bayern 2008/09"]
[Date "2008.10.05"]
[Round "1.4"]
[White "Buchner, Rudolf"]
[Black "Steffen, Kevin"]
[Result "1-0"]
[WhiteElo "2179"]
[BlackElo "1990"]
[PlyCount "131"]
[EventDate "2009.03.??"]
[EventType "team-tourn"]
[EventRounds "9"]
[WhiteTeam "München-Tarrasch 2"]
[BlackTeam "Klosterlechfeld 1"]

1. e4 e5 2. Nf3 d6 3. d4 Nf6 4. Nc3 Nbd7 5. Bc4 Be7 6. O-O O-O 7. Re1 c6 8. a4
b6 9. Bb3 a6 10. Bg5 Bb7 11. Qd2 b5 12. Rad1 exd4 13. Qxd4 c5 14. Qd2 c4 15.
Ba2 Qc7 16. axb5 axb5 17. Nxb5 Qc5 18. Nc3 Ne5 19. Nxe5 dxe5 20. Bxf6 Bxf6 21.
Qd6 Qc8 22. Qb4 Ba6 23. Nd5 Bd8 24. Qc3 Bb5 25. Bb1 Re8 26. Qg3 Ra6 27. c3 Rg6
28. Qf3 Bd7 29. Qe2 Bg4 30. f3 Bh3 31. g3 h5 32. Kh1 Be6 33. Bc2 Qb7 34. Ba4
Rf8 35. Nb4 Be7 36. Nd5 Bd8 37. Rd2 Qa6 38. b3 h4 39. g4 Bg5 40. Rdd1 Rc8 41.
Qc2 h3 42. bxc4 Bh4 43. Bb5 Qa3 44. Re2 Ra8 45. Qb2 Qa7 46. Ne3 Rf6 47. Nf5 Bg5
48. Ree1 g6 49. Ra1 Qb8 50. Rxa8 Qxa8 51. Rg1 Kh7 52. Qe2 Qa3 53. Qf1 Qxc3 54.
Qxh3+ Kg8 55. Qg2 Bxc4 56. Bxc4 Qxc4 57. h4 Bf4 58. Ne7+ Kf8 59. Nd5 Ra6 60.
Nxf4 exf4 61. Qb2 Qc7 62. Rc1 Qd6 63. Rc8+ Ke7 64. Qb7+ Kf6 65. g5+ Ke5 66.
Qb2+ 1-0

[Event "Bayern-chTT (RL Sued-West)"]
[Site "Bayern 2008/09"]
[Date "2008.10.05"]
[Round "1.5"]
[White "Heinrich, Helmut(60)"]
[Black "Haritonov, Alexander"]
[Result "0-1"]
[WhiteElo "2006"]
[BlackElo "2187"]
[PlyCount "174"]
[EventDate "2009.03.??"]
[EventType "team-tourn"]
[EventRounds "9"]
[WhiteTeam "Klosterlechfeld 1"]
[BlackTeam "München-Tarrasch 2"]

1. f4 c5 2. e3 g6 3. Nf3 Bg7 4. Nc3 Nf6 5. b3 O-O 6. Bb2 Nc6 7. Bb5 Qc7 8. O-O
a6 9. Bxc6 Qxc6 10. a4 b6 11. Qe2 Bb7 12. d3 Qc7 13. h3 d5 14. Qf2 Nd7 15. Qh4
e5 16. f5 gxf5 17. Qh5 d4 18. Ne2 Bd5 19. Qxf5 Be6 20. Qh5 h6 21. e4 f5 22.
exf5 Rxf5 23. Qg6 Qc6 24. Bc1 Nf8 25. Qg3 Kh7 26. Qf2 Ng6 27. Ng3 Rf7 28. Bd2
Nh4 29. Ne4 Nxf3+ 30. gxf3 Bxh3 31. Qh4 Bxf1 32. Ng5+ Kg8 33. Nxf7 Qg6+ 34.
Kxf1 Qxf7 35. Ke2 Rf8 36. Rf1 Qg6 37. Qh1 Kh7 38. Rg1 Qf6 39. Rg3 b5 40. axb5
axb5 41. Qh5 Qf5 42. Qh4 Rf6 43. Rh3 c4 44. bxc4 bxc4 45. Qe4 Qxe4+ 46. dxe4
Rg6 47. Kf2 Ra6 48. Ke2 Ra2 49. Kd1 Ra1+ 50. Ke2 c3 51. Bg5 Rg1 52. Bh4 Rg2+
53. Bf2 Bf6 54. Kf1 Rg8 55. Ke2 Ra8 56. Rh1 Bg5 57. Bg3 Re8 58. Kd3 Kg6 59. Ra1
Re6 60. Rf1 h5 61. Rg1 Kh6 62. Rh1 Be3 63. Kc4 Re8 64. Rd1 Kg5 65. Rh1 Bf4 66.
Bh4+ Kg6 67. Rg1+ Kf7 68. Rh1 Rc8+ 69. Kd3 Rg8 70. Ra1 Ke6 71. Ra6+ Kd7 72. Kc4
Kc7 73. Be7 Kb7 74. Kb5 Rh8 75. Bc5 h4 76. Ra7+ Kb8 77. Bb6 Rh6 78. Ka6 h3 79.
Rb7+ Kc8 80. Rc7+ Kd8 81. Rg7+ Ke8 82. Rg8+ Kf7 83. Rg1 h2 84. Rh1 d3 85. cxd3
c2 86. d4 exd4 87. Kb5 c1=Q 0-1